[Event "Athens Akropolis-A"]
[Site "Athens GRE"]
[Date "1988.??.??"]
[Round "?"]
[White "Skembris, Spyridon"]
[Black "Kotronias, Vasilios"]
[Result "0-1"]
[WhiteElo "2415"]
[BlackElo "2465"]
[PlyCount "94"]
[EventDate "1988.??.??"]
[Source "www.chesslib.no"]
[SourceDate "2004.05.04"]

1. d4 Nf6 2. c4 e6 3. Nf3 b6 4. g3 Bb7 5. Bg2 c5 6. O-O cxd4 7. Qxd4 Nc6 8. Qd1 Rc8 9. Nc3 Na5 10. b3 d5 11. Ne5 Bd6 12. Qd4 O-O 13. Bb2 Qe7 14. cxd5 exd5 15. Nb5 Bc5 16. Qf4 Rce8 17. Nd3 Ne4 18. Rad1 a6 19. Nxc5 bxc5 20. Nc3 d4 21. Nxe4 Bxe4 22. Bxe4 Qxe4 23. Qxe4 Rxe4 24. Rfe1 Rc8 25. Rd2 h6 26. Rc1 c4 27. Bxd4 Rd8 28. e3 cxb3 29. Rc5 Nb7 30. Rc7 Na5 31. Rc5 Nb7 32. Rc7 Na5 33. Rc3 bxa2 34. Rxa2 Rd5 35. Bb6 Nc4 36. Rxa6 Ne5 37. Kg2 Rd2 38. Ra8+ Kh7 39. Re8 f5 40. h3 h5 41. Bd4 Nd3 42. Rc7 Rxe8 43. Rxg7+ Kh6 44. Rf7 Rxf2+ 45. Kg1 Rf3 46. Kg2 Ne1+ 47. Kh2 h4 0-1

[Event "Europa ch 2008"]
[Site "Plovdiv BUL"]
[Date "2008.04.30"]
[Round "9.109"]
[White "Skoberne, Jure"]
[Black "Popovic, Milos"]
[Result "1-0"]
[WhiteElo "2492"]
[BlackElo "2387"]
[PlyCount "61"]
[EventDate "2008.04.21"]
[Source "www.chesslib.no"]
[SourceDate "2004.05.04"]

1. Nf3 Nf6 2. d4 e6 3. c4 b6 4. g3 Bb7 5. Bg2 c5 6. O-O cxd4 7. Qxd4 Nc6 8. Qf4 Ne7 9. Nc3 Ng6 10. Qd2 Bb4 11. Qc2 Rc8 12. Qa4 Bxc3 13. bxc3 Qc7 14. Qa3 Qxc4 15. Qxa7 Qa6 16. Qxa6 Bxa6 17. Nd4 e5 18. Nf5 O-O 19. Ba3 Rfd8 20. Be7 Bxe2 21. Rfe1 Bg4 22. Bxd8 Rxd8 23. Nd6 Be6 24. Reb1 Ne7 25. a4 Ned5 26. c4 Nc3 27. Rxb6 Ne8 28. Nxe8 Rxe8 29. a5 Bxc4 30. a6 Ne2+ 31. Kh1 1-0

[Event "Portoroz"]
[Site "Portoroz"]
[Date "1987.??.??"]
[Round "?"]
[White "Gostisa, Leon"]
[Black "Xu Jun"]
[Result "1-0"]
[WhiteElo "2380"]
[BlackElo "2495"]
[PlyCount "71"]
[EventDate "1987.06.??"]
[Source "ChessBase"]

1. d4 Nf6 2. c4 e6 3. Nf3 b6 4. g3 Bb7 5. Bg2 c5 6. d5 exd5 7. Nh4 b5 8. Nc3 bxc4 9. Bg5 Be7 10. Nf5 O-O 11. O-O h6 12. Nxe7+ Qxe7 13. Nxd5 Bxd5 14. Bxf6 Qxf6 15. Qxd5 Nc6 16. Qxc5 Rab8 17. Rab1 Rxb2 18. Rxb2 Qxb2 19. Qxc4 Ne5 20. Qa6 Qd4 21. Rb1 Re8 22. h3 h5 23. e3 Qc5 24. Qa4 g6 25. Kh2 a6 26. Qxa6 Qc2 27. Rf1 h4 28. gxh4 Kg7 29. Qa7 d6 30. a4 Rc8 31. Qd4 Rc4 32. Qxd6 Qf5 33. f4 Nd7 34. e4 Qe6 35. Qxe6 fxe6 36. Ra1 1-0

[Event "Toulouse"]
[Site "Toulouse"]
[Date "1996.??.??"]
[Round "5"]
[White "Kinsman, Andrew PH"]
[Black "Bricard, Emmanuel"]
[Result "1/2-1/2"]
[WhiteElo "2400"]
[BlackElo "2475"]
[PlyCount "40"]
[EventDate "1996.10.??"]
[Source "ChessBase"]

1. d4 e6 2. c4 Nf6 3. Nf3 b6 4. g3 Bb7 5. Bg2 c5 6. d5 exd5 7. Nh4 g6 8. Nc3 Bg7 9. O-O O-O 10. cxd5 d6 11. Nf3 Na6 12. a4 Nb4 13. Ne1 a6 14. Nc2 Re8 15. Bf4 Nh5 16. Bd2 f5 17. Na3 Nf6 18. Bf4 Nh5 19. Bd2 Nf6 20. Bf4 Nh5 1/2-1/2

[Event "YUG team ch."]
[Site "?"]
[Date "2002.??.??"]
[Round "?"]
[White "Mijailovic Zoran"]
[Black "Markovic Ivan"]
[Result "1/2-1/2"]
[WhiteElo "2375"]
[BlackElo "2490"]
[PlyCount "70"]
[EventDate "2002.??.??"]
[Source "www.chesslib.no"]
[SourceDate "2004.05.04"]

1. d4 Nf6 2. Nf3 e6 3. c4 b6 4. g3 Bb7 5. Bg2 g6 6. O-O Bg7 7. Nc3 Ne4 8. Nxe4 Bxe4 9. Bg5 Qc8 10. Qd2 h6 11. Be3 Qb7 12. Rad1 d6 13. d5 e5 14. b4 Nd7 15. Bh3 g5 16. Qc1 Qa6 17. Nd2 Bg6 18. c5 b5 19. Nb3 Rc8 20. Na5 f5 21. Bxg5 hxg5 22. Qxg5 Kf7 23. Bxf5 Bxf5 24. Qxf5+ Nf6 25. g4 Rce8 26. g5 Rh5 27. Rc1 e4 28. Qf4 Re5 29. h4 Kg6 30. gxf6 Bxf6 31. Nc6 Reg5+ 32. hxg5 Rxg5+ 33. Kh1 Rh5+ 34. Kg2 Rg5+ 35. Kh1 Rh5+ 1/2-1/2

[Event "2. Highlands Open A"]
[Site "?"]
[Date "2005.09.26"]
[Round "3"]
[White "Cvek Robert"]
[Black "Jackova Jana"]
[Result "1/2-1/2"]
[WhiteElo "2479"]
[BlackElo "2386"]
[PlyCount "49"]
[EventDate "2005.??.??"]
[Source "www.chesslib.no"]
[SourceDate "2004.05.04"]

1. Nf3 Nf6 2. c4 e6 3. d4 b6 4. g3 Bb7 5. Bg2 c5 6. d5 b5 7. Ng5 Qb6 8. e4 h6 9. Nh3 bxc4 10. O-O Be7 11. Na3 Qa6 12. b3 c3 13. Re1 O-O 14. Nc4 Ne8 15. Nf4 Bf6 16. e5 Bg5 17. h4 Bxf4 18. Bxf4 c2 19. Qd2 exd5 20. Nd6 Nxd6 21. exd6 Nc6 22. Bxh6 gxh6 23. Qxh6 Qd3 24. Be4 dxe4 25. Qg5+ 1/2-1/2

[Event "Silkeborg"]
[Site "Silkeborg DEN"]
[Date "1980.??.??"]
[Round "1"]
[White "Ligterink, Gert"]
[Black "Karlsson, Lars C-G"]
[Result "0-1"]
[WhiteElo "2455"]
[BlackElo "2405"]
[PlyCount "82"]
[EventDate "1980.??.??"]
[Source "www.chesslib.no"]
[SourceDate "2004.05.04"]

1. d4 e6 2. c4 Nf6 3. Nf3 b6 4. g3 Bb7 5. Bg2 c5 6. d5 exd5 7. Nh4 g6 8. cxd5 Bg7 9. Nc3 O-O 10. O-O d6 11. e4 Nbd7 12. f4 c4 13. Be3 Re8 14. Bd4 a6 15. b4 cxb3 16. axb3 b5 17. Re1 Nb6 18. Qd2 Rc8 19. Nd1 Nfd7 20. Bxg7 Kxg7 21. Ne3 Qf6 22. e5 dxe5 23. Ng4 Qd6 24. fxe5 Qc5+ 25. Kh1 Bxd5 26. Rxa6 Bxg2+ 27. Nxg2 Rc6 28. Ra7 Nxe5 29. Qh6+ Kg8 30. Rc7 Ree6 31. Rxc6 Qxc6 32. Rxe5 Qf3 33. Qf4 Qd1+ 34. Ne1 Rxe5 35. Qxe5 Qxg4 36. Qb8+ Nc8 37. Qb7 Qf5 38. Kg2 Kg7 39. Nf3 Nd6 40. Qc6 Qe6 41. Nd4 Qe5 0-1

[Event "Sao Paulo-ch"]
[Site "Sao Paulo"]
[Date "1997.??.??"]
[Round "3"]
[White "Sorin, Ariel"]
[Black "De Toledo, James Mann"]
[Result "1/2-1/2"]
[WhiteElo "2460"]
[BlackElo "2400"]
[PlyCount "52"]
[EventDate "1997.??.??"]
[Source "www.chesslib.no"]
[SourceDate "2004.05.04"]

1. d4 Nf6 2. c4 e6 3. Nf3 b6 4. g3 Bb7 5. Bg2 c6 6. O-O d5 7. Nbd2 Nbd7 8. Qc2 c5 9. cxd5 exd5 10. e4 dxe4 11. Ng5 Be7 12. Ndxe4 Nxe4 13. Bxe4 Bxe4 14. Qxe4 h6 15. Re1 hxg5 16. Bxg5 f6 17. Bf4 Kf8 18. Rad1 c4 19. Bc7 Qe8 20. Qf3 Rc8 21. Bd6 Bxd6 22. Rxe8+ Kxe8 23. Qg4 Kd8 24. Qxg7 Re8 25. h4 b5 26. h5 Kc7 1/2-1/2

[Event "URS-ch U26"]
[Site "Jurmala"]
[Date "1983.??.??"]
[Round "?"]
[White "Shneider, Aleksandr"]
[Black "Andrianov, Nikolai"]
[Result "0-1"]
[WhiteElo "2460"]
[BlackElo "2400"]
[PlyCount "71"]
[EventDate "1983.??.??"]
[Source "ChessBase"]

1. d4 Nf6 2. c4 e6 3. Nf3 b6 4. g3 Bb7 5. Bg2 c5 6. d5 exd5 7. Nh4 b5 8. cxd5 d6 9. O-O g6 10. a4 b4 11. b3 Bg7 12. Bb2 O-O 13. e4 Re8 14. Re1 Nbd7 15. Ra2 c4 16. bxc4 Nc5 17. f3 a5 18. Bd4 Qc7 19. Rae2 Ba6 20. e5 dxe5 21. Rxe5 Rxe5 22. Bxe5 Qb6 23. Bd4 Nfd7 24. Bf2 Bxc4 25. f4 Qa6 26. Nd2 Nd3 27. Nxc4 Nxf2 28. Kxf2 Qxc4 29. Nf3 Nf6 30. Ne5 Qc5+ 31. Re3 Rd8 32. Ke2 g5 33. fxg5 Nxd5 34. Bxd5 Rxd5 35. Nd3 Qc8 36. h4 0-1

[Event "Schahin Cury"]
[Site "Americana"]
[Date "1997.??.??"]
[Round "7"]
[White "Sorin, Ariel"]
[Black "De Toledo, James Mann"]
[Result "1/2-1/2"]
[WhiteElo "2460"]
[BlackElo "2395"]
[PlyCount "57"]
[EventDate "1997.07.08"]
[Source "ChessBase"]
[SourceDate "1997.11.23"]

1. d4 Nf6 2. c4 e6 3. Nf3 b6 4. g3 Bb7 5. Bg2 c6 6. O-O d5 7. Nbd2 Nbd7 8. Qc2 Be7 9. e4 dxe4 10. Nxe4 c5 11. Nxf6+ Bxf6 12. d5 exd5 13. Re1+ Kf8 14. cxd5 h5 15. Bf4 g5 16. Bd6+ Kg7 17. Rad1 Nf8 18. Be5 Ng6 19. Bc3 g4 20. Ne5 Nxe5 21. Bxe5 Re8 22. Qc3 Rxe5 23. Rxe5 Qd6 24. Rde1 Re8 25. f4 gxf3 26. Rg5+ Kh6 27. Rxh5+ Kg7 28. Rg5+ Kh6 29. Rh5+ 1/2-1/2

[Event "CADAP XI Latinoamericano"]
[Site "corr CADAP XI Latinoamericano"]
[Date "1996.??.??"]
[Round "?"]
[White "Berdichesky, Ruben"]
[Black "Bericat, Angel Hugo"]
[Result "0-1"]
[WhiteElo "2495"]
[BlackElo "2355"]
[PlyCount "150"]
[EventDate "1996.??.??"]
[Source "www.chesslib.no"]
[SourceDate "2004.05.04"]

1. d4 Nf6 2. c4 e6 3. Nf3 b6 4. g3 Bb7 5. Bg2 c5 6. d5 exd5 7. Nh4 g6 8. Nc3 Bg7 9. O-O O-O 10. Bg5 d6 11. Nxd5 Nc6 12. Qd2 Rb8 13. Rad1 Nd4 14. e3 Ne6 15. Nxf6+ Bxf6 16. Bxf6 Qxf6 17. Bxb7 Rxb7 18. Qd5 Re7 19. Rd2 Rd8 20. Nf3 Nc7 21. Qc6 Qe6 22. Rfd1 Ne8 23. Qd5 h6 24. Qxe6 Rxe6 25. Rd3 Nf6 26. Kg2 Kg7 27. h4 d5 28. cxd5 Red6 29. Ne5 Rxd5 30. Rxd5 Rxd5 31. Rxd5 Nxd5 32. Nc6 a5 33. e4 Nb4 34. Nxb4 axb4 35. f4 b5 36. Kf3 h5 37. Ke2 Kf6 38. Kd2 c4 39. Ke3 Ke6 40. Kd4 Kd6 41. b3 c3 42. Ke3 Kc5 43. Kd3 c2 44. Kxc2 Kd4 45. Kb2 Kxe4 46. a4 bxa3+ 47. Kxa3 Kf3 48. Kb4 Kxg3 49. Kxb5 Kxh4 50. b4 Kg4 51. Kc5 h4 52. b5 h3 53. b6 h2 54. b7 h1=Q 55. b8=Q Qc1+ 56. Kd5 Qxf4 57. Qa7 Qf3+ 58. Kd6 g5 59. Ke7 Kh3 60. Qd4 g4 61. Qh8+ Kg2 62. Qb2+ Kf1 63. Qc1+ Kf2 64. Kd7 f5 65. Qb2+ Kg3 66. Ke6 f4 67. Qb8 Qe4+ 68. Kf7 Qd4 69. Qc7 Kh3 70. Qc1 f3 71. Qh1+ Kg3 72. Qf1 Kh2 73. Kg8 f2 74. Qc1 g3 75. Qh6+ Kg2 0-1

[Event "Festival - Simultanea di Anand"]
[Site "Benidorm ESP"]
[Date "2007.12.05"]
[Round "1.7"]
[White "Anand, Viswanathan"]
[Black "Becking, Franz Josef"]
[Result "0-1"]
[WhiteElo "2801"]
[BlackElo "2049"]
[PlyCount "52"]
[EventDate "2007.12.05"]
[Source "www.chesslib.no"]
[SourceDate "2004.05.04"]

1. d4 Nf6 2. Nf3 e6 3. c4 b6 4. g3 Bb7 5. Bg2 d6 6. O-O Be7 7. Nc3 Nbd7 8. d5 e5 9. e4 O-O 10. Ne1 Ne8 11. Nc2 f5 12. exf5 Rxf5 13. Bd2 a5 14. Qe2 Nc5 15. b3 Rf8 16. Be3 Bg5 17. Bxc5 bxc5 18. h4 Be7 19. Bh3 Bc8 20. Bxc8 Qxc8 21. Kh2 Nf6 22. Rad1 Rf7 23. Rd3 Qd7 24. Rf3 Raf8 25. Ne4 Qg4 26. Re1 Qg6 0-1

[Event "Sverdlovsk"]
[Site "Sverdlovsk"]
[Date "1989.??.??"]
[Round "?"]
[White "Fradkin, Boris"]
[Black "Horvath, Csaba"]
[Result "1/2-1/2"]
[WhiteElo "2405"]
[BlackElo "2445"]
[PlyCount "30"]
[EventDate "1989.10.??"]
[Source "www.chesslib.no"]
[SourceDate "2004.05.04"]

1. d4 Nf6 2. c4 e6 3. Nf3 b6 4. g3 Bb7 5. Bg2 c5 6. O-O cxd4 7. Nxd4 Bxg2 8. Kxg2 Qc8 9. b3 Be7 10. Bb2 Qb7+ 11. Kg1 O-O 12. Nc3 Rd8 13. Qd3 Na6 14. Rfd1 Nc5 15. Qf3 d5 1/2-1/2

[Event "RUS-Cup3"]
[Site "Omsk"]
[Date "1996.??.??"]
[Round "9"]
[White "Temirbaev, Serik"]
[Black "Sherbakov, Vitaly S"]
[Result "0-1"]
[WhiteElo "2480"]
[BlackElo "2370"]
[PlyCount "158"]
[EventDate "1996.12.13"]
[Source "ChessBase"]
[SourceDate "1997.04.10"]

1. d4 Nf6 2. c4 e6 3. Nf3 b6 4. g3 Bb7 5. Bg2 g6 6. O-O Bg7 7. b3 O-O 8. Bb2 d6 9. Nbd2 c5 10. Qc2 Nc6 11. Rfd1 Qe7 12. Rac1 Rfe8 13. Qb1 Rad8 14. e3 Nd7 15. Ne4 f5 16. Nc3 Nf6 17. Ng5 Na5 18. d5 Nxd5 19. Nxd5 exd5 20. Bxg7 Kxg7 21. Qb2+ Kg8 22. h4 dxc4 23. Bxb7 Qxb7 24. bxc4 Qe7 25. Nh3 Nc6 26. Nf4 Ne5 27. Nd5 Qg7 28. Qb5 Ng4 29. a4 Qe5 30. Rd2 Rf8 31. Qc6 Rf7 32. Rf1 Qe8 33. Qxe8+ Rxe8 34. Rc1 Nf6 35. Nc3 Rd7 36. Rcd1 Red8 37. f3 Kf7 38. Kf2 Ke6 39. Ne2 h6 40. Nf4+ Kf7 41. Nd5 Nxd5 42. Rxd5 Ke6 43. h5 g5 44. e4 fxe4 45. Re1 Rf7 46. Rxe4+ Kd7 47. Re3 Rf6 48. Rd2 Kc6 49. Re7 Rd7 50. Rde2 g4 51. f4 Rf5 52. R7e6 Rxh5 53. Ke3 Rh1 54. Ke4 Rf7 55. f5 Rf1 56. Rh2 R1xf5 57. Rhxh6 Rf3 58. Rxd6+ Kb7 59. a5 Re7+ 60. Rhe6 Rxe6+ 61. Rxe6 Rxg3 62. axb6 axb6 63. Re7+ Ka6 64. Kd5 Rc3 65. Rg7 g3 66. Rg4 b5 67. Kc6 Rxc4 68. Rxg3 Ka5 69. Rg1 Rc3 70. Rb1 b4 71. Ra1+ Ra3 72. Rb1 Ka4 73. Kxc5 Rc3+ 74. Kd4 Rc8 75. Ra1+ Kb3 76. Rb1+ Ka3 77. Ra1+ Kb2 78. Ra7 b3 79. Rb7 Kc2 0-1

[Event "BCF Ch"]
[Site "Morecambe"]
[Date "1981.08.05"]
[Round "3"]
[White "Chandler, Murray G"]
[Black "Pigott, John C"]
[Result "1/2-1/2"]
[WhiteElo "2530"]
[BlackElo "2315"]
[PlyCount "77"]
[EventDate "1981.08.03"]
[Source "www.chesslib.no"]
[SourceDate "2004.05.04"]

1. d4 Nf6 2. c4 e6 3. Nf3 b6 4. g3 Bb7 5. Bg2 g6 6. Nc3 Ne4 7. Nxe4 Bxe4 8. O-O Bg7 9. Bf4 O-O 10. Qd2 d6 11. Qe3 Bb7 12. Bg5 Qe8 13. Bh6 Nd7 14. Bxg7 Kxg7 15. Qc3 Qe7 16. Rad1 Kg8 17. Rfe1 f5 18. Nh4 Bxg2 19. Nxg2 Nf6 20. f3 e5 21. Qe3 Rae8 22. Qh6 Nh5 23. b3 f4 24. g4 Ng7 25. e3 Ne6 26. exf4 exd4 27. Re4 Qf6 28. h4 c5 29. h5 Qg7 30. Qxg7+ Kxg7 31. hxg6 hxg6 32. Rde1 Kf7 33. Kf2 Rh8 34. Kg3 Nc7 35. Nh4 Rhg8 36. f5 g5 37. Ng6 d5 38. Rxe8 Rxe8 39. Rxe8 1/2-1/2

[Event "HUN Ch"]
[Site "Budapest HUN"]
[Date "1978.??.??"]
[Round "?"]
[White "Petran, Pal"]
[Black "Dely, Peter"]
[Result "1-0"]
[WhiteElo "2400"]
[BlackElo "2445"]
[PlyCount "39"]
[EventDate "1978.12.??"]
[Source "www.chesslib.no"]
[SourceDate "2004.05.04"]

1. d4 Nf6 2. c4 e6 3. Nf3 b6 4. g3 Bb7 5. Bg2 Qc8 6. Nc3 Bb4 7. Bd2 Nc6 8. O-O Ne7 9. Rc1 O-O 10. Bg5 Bxc3 11. Rxc3 d6 12. Qc1 Nf5 13. Bxf6 gxf6 14. d5 Qd8 15. e4 Ne7 16. Qh6 Ng6 17. Nd4 Re8 18. g4 Rc8 19. Rh3 c5 20. dxc6 1-0

[Event "Belgrade TS12 GM"]
[Site "Belgrade"]
[Date "2001.12.17"]
[Round "3"]
[White "Zivanic, Marko"]
[Black "Maksimovic, Branimir"]
[Result "1/2-1/2"]
[WhiteElo "2411"]
[BlackElo "2432"]
[PlyCount "88"]
[EventDate "2001.12.15"]
[Source "ChessBase"]
[SourceDate "2002.01.21"]

1. d4 Nf6 2. c4 e6 3. Nf3 b6 4. g3 Bb7 5. Bg2 c6 6. Nc3 d5 7. O-O Nbd7 8. b3 Be7 9. Qc2 O-O 10. e4 dxe4 11. Nxe4 c5 12. Nxf6+ Bxf6 13. Bb2 cxd4 14. Nxd4 Bxg2 15. Kxg2 Qc7 16. Qe4 Nc5 17. Qf3 a6 18. Rfd1 Rad8 19. Bc3 Rd7 20. Nc2 Bxc3 21. Qxc3 Rfd8 22. Qf3 f5 23. Rxd7 Qxd7 24. Ne3 Ne4 25. Rd1 Qe7 26. Rxd8+ Qxd8 27. Qd1 Qe7 28. Qd4 Qb7 29. f3 Nf6 30. Qd6 Kf7 31. Nc2 Ne4 32. Qe5 Qd7 33. fxe4 Qd2+ 34. Kg1 Qd1+ 35. Kg2 Qxc2+ 36. Kh3 Qe2 37. Qc7+ Kf6 38. Qd8+ Ke5 39. exf5 Kxf5 40. Qf8+ Kg6 41. Qf4 h5 42. g4 Qd3+ 43. Kh4 Qd8+ 44. Kh3 Qd3+ 1/2-1/2

[Event "Aarhus"]
[Site "Aarhus"]
[Date "1976.??.??"]
[Round "?"]
[White "Rukavina, Josip"]
[Black "Keene, Raymond"]
[Result "1/2-1/2"]
[WhiteElo "2380"]
[BlackElo "2460"]
[PlyCount "26"]
[EventDate "1976.07.??"]
[Source "ChessBase"]

1. d4 Nf6 2. c4 e6 3. Nf3 b6 4. g3 Bb7 5. Bg2 d5 6. Ne5 c6 7. Qa4 Nfd7 8. Nxd7 Qxd7 9. Nc3 Ba6 10. cxd5 cxd5 11. Qxd7+ Nxd7 12. Bd2 Be7 13. e3 Nf6 1/2-1/2

[Event "Groningen op"]
[Site "Groningen"]
[Date "1993.??.??"]
[Round "11"]
[White "Kolev, Atanas"]
[Black "Kogan, Artur"]
[Result "1/2-1/2"]
[WhiteElo "2500"]
[BlackElo "2340"]
[PlyCount "71"]
[EventDate "1993.12.??"]
[Source "ChessBase"]

1. d4 Nf6 2. Nf3 e6 3. c4 b6 4. g3 Bb7 5. Bg2 c5 6. d5 exd5 7. Nh4 b5 8. O-O g6 9. Nc3 Qb6 10. Bg5 Bg7 11. cxb5 a6 12. Bxf6 Bxf6 13. Nxd5 Bxd5 14. Qxd5 Ra7 15. Rac1 Rc7 16. b4 d6 17. Rfd1 Be7 18. bxa6 O-O 19. Qc4 Nxa6 20. b5 Nb8 21. a4 Nd7 22. Bh3 Ne5 23. Qd5 c4 24. Qd4 Rc5 25. f4 Bxh4 26. fxe5 Bg5 27. Rxc4 dxe5 28. Qf2 Rxb5 29. Qxb6 Rxb6 30. Rd5 Be3+ 31. Kg2 Bd4 32. e3 Rb2+ 33. Kh1 Rb1+ 34. Kg2 Rb2+ 35. Kh1 Rb1+ 36. Kg2 1/2-1/2

[Event "Novi Sad Open"]
[Site "Novi Sad YUG"]
[Date "1988.??.??"]
[Round "4"]
[White "Tesic, Dragan"]
[Black "Lerner, Konstantin Z"]
[Result "0-1"]
[WhiteElo "2320"]
[BlackElo "2515"]
[PlyCount "70"]
[EventDate "1988.06.??"]
[Source "www.chesslib.no"]
[SourceDate "2004.05.04"]

1. d4 Nf6 2. Nf3 e6 3. c4 b6 4. g3 Bb7 5. Bg2 c5 6. O-O cxd4 7. Nxd4 Bxg2 8. Kxg2 Qc7 9. Qa4 Be7 10. Nc3 Qb7+ 11. f3 O-O 12. e4 d6 13. Be3 Rc8 14. Rfd1 a6 15. Rac1 Nbd7 16. Nb3 Ne5 17. Nd2 Rab8 18. Qb3 Nfd7 19. f4 Ng4 20. Bg1 Ngf6 21. Qc2 b5 22. cxb5 axb5 23. Qd3 d5 24. exd5 b4 25. Na4 Nxd5 26. Nf3 h6 27. f5 Ne5 28. Qe4 Nxf3 29. Qxf3 Rxc1 30. Rxc1 exf5 31. Nc5 Qa8 32. a4 bxa3 33. bxa3 f4 34. gxf4 Nxf4+ 35. Kg3 Bh4+ 0-1

[Event "Moscow Open"]
[Site "Moscow RUS"]
[Date "1995.??.??"]
[Round "2"]
[White "Gagarin, Vasilij"]
[Black "Sherbakov, Vitaly S"]
[Result "1-0"]
[WhiteElo "2440"]
[BlackElo "2385"]
[PlyCount "142"]
[EventDate "1995.??.??"]
[Source "www.chesslib.no"]
[SourceDate "2004.05.04"]

1. d4 Nf6 2. Nf3 e6 3. c4 b6 4. g3 Bb7 5. Bg2 g6 6. O-O Bg7 7. Qc2 Be4 8. Qa4 Bb7 9. Nc3 Ne4 10. Nxe4 Bxe4 11. Bg5 f6 12. Be3 O-O 13. Rfd1 f5 14. Ne1 Bxg2 15. Nxg2 Qe8 16. Rd2 d6 17. Qxe8 Rxe8 18. Nf4 Nd7 19. d5 Nf8 20. dxe6 Nxe6 21. Nd5 a5 22. h4 a4 23. Rc1 Be5 24. Kg2 Kf7 25. Bf4 Bg7 26. Be3 Rab8 27. Rcc2 Rb7 28. b4 axb3 29. axb3 Nc5 30. b4 Ne4 31. Rd3 Nf6 32. Nxf6 Bxf6 33. c5 dxc5 34. bxc5 b5 35. c6 Rbb8 36. Bf4 b4 37. Bxc7 Rb5 38. Rb3 Rc8 39. Bf4 Ke6 40. c7 Be5 41. Bxe5 Kxe5 42. Rd3 Rd5 43. Re3+ Kd6 44. Rc4 Rb5 45. Rd3+ Ke7 46. Rb3 Rb7 47. g4 Rcxc7 48. Rbxb4 fxg4 49. Rxg4 Rxb4 50. Rxb4 Kf6 51. Kg3 Rc6 52. f3 h5 53. Kf4 Rc2 54. Rb6+ Kg7 55. Rb7+ Kf6 56. e4 Rc5 57. Rd7 Ke6 58. Rd5 Rc3 59. Ra5 Kf7 60. Ra6 Rc5 61. e5 Rb5 62. Ra4 Rc5 63. Rb4 Ra5 64. Rb7+ Kf8 65. Rh7 Kg8 66. Rd7 Rb5 67. Kg5 Rxe5+ 68. Kxg6 Re6+ 69. Kxh5 Re5+ 70. Kg6 Re6+ 71. Kf5 Ra6 1-0

[Event "Hoogovens-B"]
[Site "Wijk aan Zee"]
[Date "1984.??.??"]
[Round "6"]
[White "Andruet, Gilles"]
[Black "Langeweg, Kick"]
[Result "0-1"]
[WhiteElo "2420"]
[BlackElo "2400"]
[PlyCount "80"]
[EventDate "1984.01.??"]
[Source "ChessBase"]

1. d4 Nf6 2. c4 e6 3. Nf3 b6 4. g3 Bb7 5. Bg2 c5 6. d5 exd5 7. Nh4 b5 8. cxb5 Qb6 9. O-O a6 10. b4 cxb4 11. Bb2 Bc5 12. Nd2 O-O 13. Nf5 Re8 14. Nb3 Bf8 15. Bd4 Qe6 16. Ne3 axb5 17. Bxf6 Qxf6 18. Bxd5 Bc6 19. Qc2 Na6 20. Rad1 Rac8 21. Qd2 Qc3 22. Bg2 Re5 23. Nd4 Nc5 24. Nef5 Qxd2 25. Rxd2 Bxg2 26. Kxg2 Ne4 27. Rb2 g6 28. Nh4 Rd5 29. Nhf3 Rc4 30. e3 Nc3 31. Rc1 Bg7 32. Rbc2 Bxd4 33. Nxd4 Rdc5 34. Nb3 Rc8 35. Nd2 R4c6 36. Nb3 Nxa2 37. Rxa2 Rxc1 38. Nxc1 Rxc1 39. Ra5 Rc5 40. Kf3 b3 0-1

[Event "open, General Pico City ARG"]
[Site "?"]
[Date "1996.??.??"]
[Round "?"]
[White "Quiroga, F."]
[Black "Slipak, S."]
[Result "0-1"]
[WhiteElo "2305"]
[BlackElo "2515"]
[PlyCount "86"]
[EventDate "1996.??.??"]
[Source "www.chesslib.no"]
[SourceDate "2004.05.04"]

1. d4 Nf6 2. c4 e6 3. Nf3 b6 4. g3 Bb7 5. Bg2 c5 6. d5 exd5 7. Nh4 g6 8. Nc3 Bg7 9. O-O O-O 10. Bg5 d6 11. Nxd5 Nc6 12. Qd2 Rb8 13. Rad1 Nd4 14. b3 b5 15. e3 Ne6 16. Bxf6 Bxf6 17. Nxf6+ Qxf6 18. Bxb7 Rxb7 19. Qxd6 bxc4 20. Qa6 Rb4 21. bxc4 g5 22. Ng2 Qf3 23. Rd6 Qe4 24. h3 Rxc4 25. f3 Qe5 26. Qxc4 Qxd6 27. f4 gxf4 28. gxf4 Kh8 29. Qc3+ f6 30. Rc1 Qd5 31. Kh2 Qxa2 32. Qd3 Qf2 33. Rc2 Qf3 34. Qf5 Qc6 35. Nh4 a5 36. Qh5 Rg8 37. Qh6 Nf8 38. Rg2 Rxg2+ 39. Nxg2 Kg8 40. Nh4 Qe6 41. Qh5 Qxe3 42. Qg4+ Kh8 43. Nf5 Qf2+ 0-1

[Event "Olympiad"]
[Site "Thessaloniki GRE"]
[Date "1984.??.??"]
[Round "?"]
[White "Miles, Anthony J"]
[Black "Liu Shilan"]
[Result "0-1"]
[WhiteElo "2615"]
[BlackElo "2205"]
[PlyCount "92"]
[EventDate "1984.??.??"]
[Source "www.chesslib.no"]
[SourceDate "2004.05.04"]

1. Nf3 Nf6 2. c4 e6 3. d4 b6 4. g3 Bb7 5. Bg2 c5 6. O-O cxd4 7. Nxd4 Bxg2 8. Kxg2 Qc8 9. Qd3 Nc6 10. Nxc6 Qxc6+ 11. Kg1 Be7 12. b3 O-O 13. Nc3 Rfd8 14. Bb2 d5 15. cxd5 Nxd5 16. Qf3 Rac8 17. Nxd5 Qxd5 18. Qg4 Bf8 19. e4 Qa5 20. Rfd1 Rd2 21. Rxd2 Qxd2 22. Be5 Rc2 23. Qf3 Bc5 24. Rd1 Qxf2+ 25. Qxf2 Bxf2+ 26. Kf1 f6 27. Bb8 Rxa2 28. Rd8+ Kf7 29. Rd7+ Kg6 30. Rxa7 Rb2 31. b4 Bd4 32. h4 Be5 33. Bxe5 fxe5 34. h5+ Kh6 35. Re7 Rxb4 36. Rxe6+ Kxh5 37. Rxe5+ g5 38. Re7 Kg4 39. Kf2 h5 40. e5 Rb2+ 41. Ke3 Rb3+ 42. Ke4 Rxg3 43. e6 Rg1 44. Rc7 Re1+ 45. Kd5 h4 46. e7 h3 0-1

[Event "Olimpiadi 2008 - open"]
[Site "Dresda GER"]
[Date "2008.11.22"]
[Round "9"]
[White "Hernandez, Gu DOM"]
[Black "Brunello, S."]
[Result "1/2-1/2"]
[WhiteElo "2360"]
[BlackElo "2455"]
[PlyCount "67"]
[EventDate "2008.11.13"]
[Source "www.chesslib.no"]
[SourceDate "2004.05.04"]

1. Nf3 Nf6 2. d4 e6 3. c4 b6 4. g3 Bb7 5. Bg2 g6 6. Nc3 Bg7 7. d5 O-O 8. O-O d6 9. e4 Nbd7 10. Qc2 Qe7 11. Bd2 c5 12. dxe6 fxe6 13. Rad1 Ne5 14. Nxe5 dxe5 15. Qa4 Rfc8 16. Bg5 Bc6 17. Qc2 h6 18. Be3 Rd8 19. Bh3 Kh7 20. b3 Ne8 21. a3 Nd6 22. Qe2 Nf7 23. Qg4 Rxd1 24. Rxd1 Re8 25. Rd2 h5 26. Qd1 Bh6 27. Bxh6 Kxh6 28. Rd3 Kg7 29. Qd2 Rd8 30. f3 Rd4 31. Ne2 Rxd3 32. Qxd3 Kf6 33. Kf2 Qd8 34. Ke3 1/2-1/2

[Event "Europa ch 2008 femenino"]
[Site "Plovdiv BUL"]
[Date "2008.04.27"]
[Round "7.12"]
[White "Dzagnidze, Nana"]
[Black "Khukhashvili, Sopiko"]
[Result "1-0"]
[WhiteElo "2443"]
[BlackElo "2371"]
[PlyCount "93"]
[EventDate "2008.04.21"]
[Source "www.chesslib.no"]
[SourceDate "2004.05.04"]

1. d4 Nf6 2. Nf3 e6 3. c4 b6 4. g3 Bb7 5. Bg2 c6 6. O-O Be7 7. Nc3 d5 8. Qc2 O-O 9. Rd1 h6 10. e4 Na6 11. e5 Nd7 12. cxd5 cxd5 13. Be3 Nb4 14. Qd2 Nc6 15. Bf1 Re8 16. Bd3 Bf8 17. Rac1 a6 18. Bb1 Rc8 19. Nh4 Qe7 20. Qd3 g6 21. Nf3 Bg7 22. h4 Nf8 23. h5 g5 24. Nh2 f5 25. exf6 Qxf6 26. f4 gxf4 27. gxf4 Ne7 28. Nf3 Nf5 29. Rc2 b5 30. Rh2 Ng3 31. Ne5 b4 32. Na4 Ne4 33. Qe2 Rc7 34. Bxe4 dxe4 35. Nc5 Rec8 36. Qg4 Bd5 37. Nxa6 Rc2 38. Nxb4 Rxh2 39. Kxh2 Qd8 40. Rg1 Rc7 41. Rg2 Nh7 42. Nxd5 Qxd5 43. f5 exf5 44. Qxf5 Qd6 45. Qxe4 Nf8 46. Bf4 Ra7 47. Nc6 1-0